Úloha posttranslačných modifikácii pri regulácii procesov zúčastnených udržiavania stability genómu
Saved in:
| Main Author: | |
|---|---|
| Other Authors: | |
| Format: | Manuscript Book |
| Language: | Slovak |
| Published: |
2018
|
| Subjects: | |
| Online Access: | http://is.stuba.sk/zp/portal_zp.pl?podrobnosti=125773 |
| Tags: |
No Tags, Be the first to tag this record!
|
MARC
| LEADER | 00000ntm a22000003a 4500 | ||
|---|---|---|---|
| 001 | stuzp69329 | ||
| 003 | SK-STU | ||
| 005 | 20180623210649.3 | ||
| 007 | ta | ||
| 008 | 150427s2015----xo-----f-mn---000-0-slo-d | ||
| 040 | |a STU |b slo | ||
| 041 | 0 | |a slo | |
| 100 | 1 | |a Stupeňová, Erika |u 043000 |4 aut |U FCHPT Fakulta chemickej a potravinárskej technológie |T FCHPT Ústav biochémie a mikrobiológie |X 81578 |U C3000 |Y 101 |7 81578 | |
| 242 | 0 | 1 | |a The role of posttranslational modifications in regulation of processes involved in maintenance of genome integrity |y eng |
| 245 | 1 | 0 | |a Úloha posttranslačných modifikácii pri regulácii procesov zúčastnených udržiavania stability genómu |
| 260 | |c 2018 | ||
| 650 | 4 | |a posttranslačné modifikácie |2 slo | |
| 650 | 4 | |a odpoveď na poškodenie DNA |2 slo | |
| 650 | 4 | |a poškodenie DNA |2 slo | |
| 650 | 4 | |a replikácia DNA |2 slo | |
| 650 | 4 | |a stabilita genómu |2 slo | |
| 650 | 4 | |a post-translational modifications |2 eng | |
| 650 | 4 | |a DNA damage response |2 eng | |
| 650 | 4 | |a DNA damage |2 eng | |
| 650 | 4 | |a DNA replication |2 eng | |
| 650 | 4 | |a genome integrity |2 eng | |
| 700 | 1 | |a Jantová, Soňa |u 043000 |k Z1 |4 ths |U FCHPT Fakulta chemickej a potravinárskej technológie |T FCHPT Ústav biochémie a mikrobiológie |X 3352 |U C3000 |Y 101 |7 A000003352 | |
| 856 | 4 | |u http://is.stuba.sk/zp/portal_zp.pl?podrobnosti=125773 | |